[Event "2nd Asian Nations Team Cup U14 2019"]
[Site "Shenzhen"]
[Date "2019.12.20"]
[Round "2.1"]
[White "Yin, Richard"]
[Black "Erkhes, Bayartnar"]
[Result "1/2-1/2"]
[WhiteElo "1427"]
[BlackElo "1937"]
[Annotator "NA RC"]
[PlyCount "124"]
[EventDate "2019.12.19"]
[EventType "team-tourn"]
[EventCountry "CHN"]
[SourceTitle "playchess.com"]
[Source "ChessBase"]
[SourceQuality "1"]
[TimeControl "5400+30"]

1. e4 {[%emt 0:00:00]} e5 {[%emt 0:00:00]} 2. Nf3 {[%emt 0:00:00]} Nc6 {[%emt 0:00:05]} 3. Bc4 {[%emt 0:00:00]} Bc5 {[%emt 0:00:12]} 4. c3 Nf6 {[%emt 0:00:18]} 5. d4 {[%emt 0:01:04]} exd4 {[%emt 0:00:13]} 6. cxd4 {[%emt 0:00:10]} Bb4+ {[%emt 0:00:19]} 7. Bd2 {[%emt 0:00:23]} Bxd2+ {[%emt 0:08:11]} 8. Nbxd2 {[%emt 0:00:15]} d5 {[%emt 0:03:15]} 9. exd5 {[%emt 0:00:07]} Nxd5 {[%emt 0:00:11]} 10. Qb3 {[%emt 0:00:03]} Nce7 {[%emt 0:04:48]} 11. O-O {[%emt 0:00:16]} O-O {[%emt 0:00:10]} 12. Rfe1 {[%emt 0:00:14]} c6 {[%emt 0:02:17]} 13. a4 {[%emt 0:00:05]} h6 {[%emt 0:00:40]} 14. Re2 {[%emt 0:14:31]} Nb6 {[%emt 0:19:22]} 15. Rae1 {[%emt 0:02:47]} Nxc4 {[%emt 0:02:24]} 16. Qxc4 {[%emt 0:01:32]} Nd5 {[%emt 0:00:33]} 17. Re5 {[%emt 0:17:40]} Be6 {[%emt 0:04:12]} 18. Qe2 {[%emt 0:01:36]} Qb6 {[%emt 0:07:52]} 19. Nf1 {[%emt 0:16:04]} Bg4 {[%emt 0:03:25]} 20. Re4 {[%emt 0:00:38]} f5 {[%emt 0:06:53]} 21. Re5 {[%emt 0:01:16]} Bxf3 {[%emt 0:00:19]} 22. Qxf3 {[%emt 0:00:26]} Qxb2 {[%emt 0:05:54]} 23. Qd3 {[%emt 0:05:50]} Qb6 {[%emt 0:10:25]} 24. Rb1 {[%emt 0:01:26]} Qc7 {[%emt 0:01:07]} 25. Rxf5 {[%emt 0:03:52]} Rxf5 {[%emt 0:01:00]} 26. Qxf5 {[%emt 0:00:18]} Rf8 {[%emt 0:00:13]} 27. Qc2 {[%emt 0:03:04]} Kh8 {[%emt 0:04:30]} 28. Ne3 {[%emt 0:01:58]} Nxe3 {[%emt 0:01:43]} 29. fxe3 {[%emt 0:01:33]} Re8 {[%emt 0:00:26]} 30. Re1 {[%emt 0:09:27]} Qa5 {[%emt 0:00:46]} 31. Re2 {[%emt 0:01:22]} Qb4 {[%emt 0:01:13]} 32. h3 {[%emt 0:01:08]} Qa3 {[%emt 0:01:24]} 33. Qc5 {[%emt 0:05:41]} Qxa4 {[%emt 0:01:17]} 34. Rf2 {[%emt 0:01:53]} Qb5 {[%emt 0:06:14]} 35. Qxb5 {[%emt 0:04:50]} cxb5 {[%emt 0:00:05]} 36. Rf7 {[%emt 0:00:06]} Rxe3 {[%emt 0:02:03]} 37. Rxb7 {[%emt 0:00:08]} a6 {[%emt 0:00:44]} 38. Rb6 {[%emt 0:00:18]} Rd3 {[%emt 0:00:43]} 39. Rxa6 {[%emt 0:01:22]} Rxd4 {[%emt 0:00:03]} 40. Rb6 {[%emt 0:00:26]} Rb4 {[%emt 0:00:11]} 41. Kh2 {[%emt 0:00:14]} Rb2 {[%emt 0:01:36]} 42. h4 {[%emt 0:00:19]} b4 {[%emt 0:00:27]} 43. h5 {[%emt 0:00:16]} b3 {[%emt 0:00:15]} 44. Rb5 {[%emt 0:00:41]} Kg8 {[%emt 0:00:33]} 45. Rb7 {[%emt 0:00:16]} Rb1 {[%emt 0:01:01]} 46. Kg3 {[%emt 0:01:39]} b2 {[%emt 0:00:42]} 47. Kg4 {[%emt 0:00:33]} Kf8 {[%emt 0:00:04]} 48. g3 {[%emt 0:00:58]} Kg8 {[%emt 0:00:14]} 49. Rb8+ {[%emt 0:00:23]} Kf7 {[%emt 0:00:05]} 50. Rb7+ {[%emt 0:00:08]} Kf6 {[%emt 0:00:05]} 51. Rb6+ {[%emt 0:00:06]} Ke5 {[%emt 0:00:05]} 52. Rb5+ {[%emt 0:00:12]} Ke4 {[%emt 0:00:19]} 53. Rb7 {[%emt 0:00:28]} Ke3 {[%emt 0:00:54]} 54. Rb3+ {[%emt 0:01:21]} Kd4 {[%emt 0:00:42]} 55. Rb7 {[%emt 0:00:17]} Kd3 {[%emt 0:01:09]} 56. Rd7+ {[%emt 0:00:48]} Ke3 {[%emt 0:00:07]} 57. Rb7 {[%emt 0:00:25]} Kf2 {[%emt 0:01:03]} 58. Rf7+ {[%emt 0:00:48]} Ke3 {[%emt 0:01:55]} 59. Re7+ {[%emt 0:00:27]} Kd4 {[%emt 0:00:02]} 60. Rb7 {[%emt 0:00:19]} Ke5 {[%emt 0:00:36]} 61. Rb5+ {[%emt 0:00:41]} Kf6 {[%emt 0:00:06]} 62. Rb6+ {[%emt 0:00:16]} Kf7 {[%emt 0:00:58]} 1/2-1/2

[Event "2nd Asian Nations Team Cup U14 2019"]
[Site "Shenzhen"]
[Date "2019.12.20"]
[Round "2.2"]
[White "Temuujin, Kherlen"]
[Black "Lam, Chun Yung Samuel"]
[Result "1-0"]
[WhiteElo "1711"]
[BlackElo "1288"]
[Annotator "NA RC"]
[PlyCount "51"]
[EventDate "2019.12.19"]
[EventType "team-tourn"]
[EventCountry "CHN"]
[SourceTitle "playchess.com"]
[Source "ChessBase"]
[SourceQuality "1"]
[TimeControl "5400+30"]

1. c4 {[%emt 0:00:00]} e6 {[%emt 0:00:00]} 2. Nf3 {[%emt 0:00:00]} d5 {[%emt 0:00:00]} 3. g3 d4 {[%emt 0:00:49]} 4. d3 {[%emt 0:02:29]} c5 {[%emt 0:01:47]} 5. Bg2 {[%emt 0:01:52]} Nf6 {[%emt 0:02:02]} 6. O-O {[%emt 0:00:46]} Bd6 {[%emt 0:01:24]} 7. e4 {[%emt 0:10:55]} e5 {[%emt 0:00:21]} 8. h3 {[%emt 0:11:04]} O-O {[%emt 0:03:36]} 9. Ne1 {[%emt 0:02:52]} a6 {[%emt 0:00:40]} 10. f4 {[%emt 0:02:30]} b5 {[%emt 0:03:15]} 11. b3 {[%emt 0:15:17]} Qb6 {[%emt 0:13:20]} 12. fxe5 {[%emt 0:04:16]} Bxe5 {[%emt 0:00:52]} 13. Bf4 {[%emt 0:00:26]} Nc6 {[%emt 0:01:52]} 14. Nf3 {[%emt 0:01:01]} Bc7 {[%emt 0:03:54]} 15. Nbd2 {[%emt 0:14:48]} Qb8 {[%emt 0:01:05]} 16. e5 {[%emt 0:04:54]} Nd7 {[%emt 0:01:00]} 17. Ng5 {[%emt 0:04:12]} Bb7 {[%emt 0:01:36]} 18. e6 {[%emt 0:05:00]} Bxf4 {[%emt 0:00:56]} 19. exf7+ {[%emt 0:00:54]} Kh8 {[%emt 0:00:55]} 20. Rxf4 {[%emt 0:01:09]} Nde5 {[%emt 0:01:10]} 21. Nxh7 {[%emt 0:05:32]} Rxf7 {[%emt 0:00:24]} 22. Ng5 {[%emt 0:00:34]} Rxf4 {[%emt 0:03:11]} 23. gxf4 {[%emt 0:01:19]} Nd7 {[%emt 0:00:38]} 24. Qh5+ {[%emt 0:00:11]} Kg8 {[%emt 0:00:20]} 25. Bd5+ {[%emt 0:00:05]} Kf8 {[%emt 0:00:19]} 26. Qf7# {[%emt 0:00:03]} 1-0

[Event "2nd Asian Nations Team Cup U14 2019"]
[Site "Shenzhen"]
[Date "2019.12.20"]
[Round "2.3"]
[White "Li, Yucheng Robinson"]
[Black "Angar, Zoljargal"]
[Result "1/2-1/2"]
[WhiteElo "1185"]
[BlackElo "1696"]
[Annotator "NA RC"]
[PlyCount "86"]
[EventDate "2019.12.19"]
[EventType "team-tourn"]
[EventCountry "CHN"]
[SourceTitle "playchess.com"]
[Source "ChessBase"]
[SourceQuality "1"]
[TimeControl "5400+30"]

1. e4 {[%emt 0:00:00]} c5 {[%emt 0:00:00]} 2. Nf3 {[%emt 0:00:00]} d6 {[%emt 0:00:06]} 3. Nc3 {[%emt 0:00:13]} Nf6 4. Bb5+ {[%emt 0:02:33]} Bd7 {[%emt 0:01:00]} 5. Bxd7+ {[%emt 0:00:15]} Qxd7 {[%emt 0:00:12]} 6. d3 {[%emt 0:00:22]} g6 {[%emt 0:00:53]} 7. O-O {[%emt 0:00:21]} Bg7 {[%emt 0:00:36]} 8. Bf4 {[%emt 0:00:20]} O-O {[%emt 0:00:46]} 9. Qd2 {[%emt 0:00:26]} Nc6 {[%emt 0:02:59]} 10. Bh6 {[%emt 0:00:58]} a6 {[%emt 0:00:41]} 11. Bxg7 {[%emt 0:00:33]} Kxg7 {[%emt 0:00:13]} 12. a4 {[%emt 0:00:43]} d5 {[%emt 0:07:33]} 13. exd5 {[%emt 0:02:03]} Nxd5 {[%emt 0:00:46]} 14. Ne4 {[%emt 0:01:28]} b6 {[%emt 0:03:26]} 15. Nc3 {[%emt 0:06:32]} Nd4 {[%emt 0:03:48]} 16. Nxd4 {[%emt 0:00:00]} cxd4 {[%emt 0:00:33]} 17. Nxd5 {[%emt 0:00:00]} Qxd5 {[%emt 0:00:09]} 18. Qb4 {[%emt 0:00:00]} e6 {[%emt 0:03:56]} 19. Rfe1 {[%emt 0:01:47]} Rfc8 {[%emt 0:01:35]} 20. Rac1 {[%emt 0:01:58]} Rc6 {[%emt 0:05:59]} 21. Re2 {[%emt 0:04:19]} Rac8 {[%emt 0:01:05]} 22. h3 {[%emt 0:01:24]} h5 {[%emt 0:02:28]} 23. Qa3 {[%emt 0:09:39]} Rc5 {[%emt 0:09:47]} 24. Qb4 {[%emt 0:02:11]} b5 {[%emt 0:00:00]} 25. a5 {[%emt 0:00:48]} e5 {[%emt 0:07:12]} 26. Qe1 {[%emt 0:08:50]} Qd6 {[%emt 0:03:10]} 27. b4 {[%emt 0:06:34]} Rc3 {[%emt 0:00:00]} 28. Rxe5 {[%emt 0:02:03]} Rxc2 {[%emt 0:00:00]} 29. Rxc2 {[%emt 0:00:00]} Rxc2 {[%emt 0:00:00]} 30. f4 {[%emt 0:04:05]} Qc6 {[%emt 0:03:39]} 31. Qg3 {[%emt 0:01:10]} Rc1+ {[%emt 0:00:15]} 32. Kh2 {[%emt 0:02:00]} Rf1 {[%emt 0:01:55]} 33. Re1 {[%emt 0:01:45]} Rxe1 {[%emt 0:03:04]} 34. Qxe1 {[%emt 0:17:42]} Qd6 {[%emt 0:18:03]} 35. Qe5+ {[%emt 0:00:00]} Qxe5 {[%emt 0:01:20]} 36. fxe5 {[%emt 0:00:00]} g5 {[%emt 0:00:06]} 37. g4 {[%emt 0:03:42]} hxg4 {[%emt 0:03:54]} 38. hxg4 {[%emt 0:00:00]} f6 {[%emt 0:00:14]} 39. exf6+ {[%emt 0:00:00]} Kxf6 {[%emt 0:00:16]} 40. Kg3 {[%emt 0:00:00]} Ke6 {[%emt 0:00:40]} 41. Kf3 {[%emt 0:00:00]} Kd5 {[%emt 0:00:22]} 42. Kg3 {[%emt 0:00:00]} Kd6 {[%emt 0:02:33]} 43. Kf3 {[%emt 0:00:21]} Ke5 {[%emt 0:00:00] Ke4+} 1/2-1/2

[Event "2nd Asian Nations Team Cup U14 2019"]
[Site "Shenzhen"]
[Date "2019.12.20"]
[Round "2.4"]
[White "Ulziikhishig Khishigbat"]
[Black "Huang, Yuen Tung"]
[Result "1-0"]
[WhiteElo "1525"]
[BlackElo "1293"]
[Annotator "NA RC"]
[PlyCount "103"]
[EventDate "2019.12.19"]
[EventType "team-tourn"]
[EventCountry "CHN"]
[SourceTitle "playchess.com"]
[Source "ChessBase"]
[SourceQuality "1"]
[TimeControl "5400+30"]

1. d4 {[%emt 0:00:00]} Nf6 {[%emt 0:00:00]} 2. c4 {[%emt 0:00:12]} e6 {[%emt 0:00:00]} 3. Nc3 {[%emt 0:00:07]} Bb4 {[%emt 0:00:00]} 4. e3 {[%emt 0:00:12]} O-O {[%emt 0:00:00]} 5. Bd3 {[%emt 0:00:04]} c5 6. Nge2 {[%emt 0:01:28]} b6 {[%emt 0:00:24]} 7. a3 {[%emt 0:00:30]} Bxc3+ {[%emt 0:00:06]} 8. bxc3 {[%emt 0:00:07]} Bb7 {[%emt 0:00:13]} 9. O-O {[%emt 0:00:09]} d6 {[%emt 0:00:39]} 10. f3 {[%emt 0:00:53]} Nbd7 {[%emt 0:04:03]} 11. e4 {[%emt 0:00:27]} h6 {[%emt 0:01:36]} 12. Ng3 {[%emt 0:02:32]} Re8 {[%emt 0:03:50]} 13. f4 {[%emt 0:09:23]} Rc8 {[%emt 0:05:05]} 14. e5 {[%emt 0:00:57]} dxe5 {[%emt 0:00:30]} 15. fxe5 {[%emt 0:02:02]} Nh7 {[%emt 0:02:32]} 16. Bxh7+ {[%emt 0:00:00]} Kxh7 {[%emt 0:03:30]} 17. Rxf7 {[%emt 0:00:00]} Re7 {[%emt 0:11:46]} 18. Rf1 {[%emt 0:04:00]} Qe8 {[%emt 0:05:30]} 19. Bf4 {[%emt 0:05:26]} Kh8 {[%emt 0:03:30]} 20. d5 {[%emt 0:03:29]} exd5 {[%emt 0:06:36]} 21. Nf5 {[%emt 0:00:19]} Re6 {[%emt 0:11:45]} 22. Nd6 {[%emt 0:01:29]} Rxd6 {[%emt 0:07:28]} 23. exd6 {[%emt 0:01:00]} dxc4 {[%emt 0:02:50]} 24. Qd2 {[%emt 0:01:31]} Qg6 {[%emt 0:03:36]} 25. Rae1 {[%emt 0:04:06]} Bc6 {[%emt 0:05:30]} 26. Re3 {[%emt 0:01:21]} Nf6 {[%emt 0:04:17]} 27. Rg3 {[%emt 0:00:40]} Qh7 {[%emt 0:05:30]} 28. Be5 {[%emt 0:06:31]} Nh5 {[%emt 0:04:32]} 29. Rg4 {[%emt 0:05:49]} Bd7 {[%emt 0:05:16]} 30. Rh4 {[%emt 0:01:20]} Qg6 {[%emt 0:00:29]} 31. Qe2 {[%emt 0:00:27]} Nf6 {[%emt 0:01:49]} 32. Bxf6 {[%emt 0:00:20]} gxf6 {[%emt 0:00:14]} 33. Qe7 {[%emt 0:00:35]} Bc6 {[%emt 0:01:23]} 34. Qxf6+ {[%emt 0:00:23]} Qxf6 {[%emt 0:01:02]} 35. Rxf6 {[%emt 0:00:48]} h5 {[%emt 0:00:58]} 36. Rxh5+ {[%emt 0:00:39]} Kg7 {[%emt 0:00:05]} 37. Re6 {[%emt 0:00:15]} Kf7 {[%emt 0:01:08]} 38. Re7+ {[%emt 0:00:34]} Kg6 {[%emt 0:00:12]} 39. Rhe5 {[%emt 0:01:28]} Rd8 {[%emt 0:00:24]} 40. g4 {[%emt 0:00:42]} Kf6 {[%emt 0:00:44]} 41. h4 {[%emt 0:00:24]} Rxd6 {[%emt 0:00:36]} 42. g5+ {[%emt 0:00:05]} Kg6 {[%emt 0:00:07]} 43. R7e6+ {[%emt 0:00:07]} Rxe6 {[%emt 0:00:08]} 44. Rxe6+ {[%emt 0:00:03]} Kh7 {[%emt 0:00:26]} 45. Rxc6 {[%emt 0:00:22]} Kg7 {[%emt 0:00:08]} 46. h5 {[%emt 0:00:04]} Kh7 {[%emt 0:00:09]} 47. Rc7+ {[%emt 0:00:11]} Kg8 {[%emt 0:00:06]} 48. g6 {[%emt 0:00:06]} Kf8 {[%emt 0:00:06]} 49. h6 {[%emt 0:00:11]} Ke8 {[%emt 0:00:07]} 50. g7 {[%emt 0:00:10]} Kd8 {[%emt 0:00:07]} 51. Rxa7 {[%emt 0:00:08]} Ke8 {[%emt 0:00:06]} 52. g8=Q# {[%emt 0:00:15]} 1-0

[Event "2nd Asian Nations Team Cup U14 2019"]
[Site "Shenzhen"]
[Date "2019.12.20"]
[Round "2.5"]
[White "Daneshvar, Bardiya"]
[Black "Yeoh, Yuan Hui"]
[Result "1-0"]
[WhiteElo "2330"]
[BlackElo "1738"]
[Annotator "RC"]
[PlyCount "51"]
[EventDate "2019.12.19"]
[EventType "team-tourn"]
[EventCountry "CHN"]
[SourceTitle "playchess.com"]
[Source "ChessBase"]
[SourceQuality "1"]
[TimeControl "5400+30"]

1. Nf3 {[%emt 0:00:00]} Nf6 {[%emt 0:00:00]} 2. c4 {[%emt 0:00:00]} c6 {[%emt 0:00:00]} 3. Nc3 {[%emt 0:00:14]} d5 {[%emt 0:00:03]} 4. e3 {[%emt 0:00:04]} g6 {[%emt 0:01:29]} 5. d4 {[%emt 0:00:36]} Bg7 {[%emt 0:00:11]} 6. Be2 {[%emt 0:00:11]} O-O {[%emt 0:00:18]} 7. O-O {[%emt 0:00:11]} Bg4 {[%emt 0:08:28]} 8. cxd5 {[%emt 0:07:31]} cxd5 {[%emt 0:00:20]} 9. Qb3 {[%emt 0:00:08]} b6 {[%emt 0:06:39]} 10. h3 {[%emt 0:00:44]} Bxf3 {[%emt 0:01:21]} 11. Bxf3 {[%emt 0:00:11]} e6 {[%emt 0:03:46]} 12. Be2 {[%emt 0:10:14]} Nc6 {[%emt 0:04:22]} 13. Qa4 {[%emt 0:01:11]} Qd6 {[%emt 0:04:31]} 14. b3 {[%emt 0:01:17]} Qc7 {[%emt 0:12:39]} 15. Ba3 {[%emt 0:03:02]} Rfd8 {[%emt 0:08:05]} 16. Rac1 {[%emt 0:00:30]} a6 {[%emt 0:20:24]} 17. Nxd5 {[%emt 0:00:58]} Rxd5 {[%emt 0:00:12]} 18. Qxc6 {[%emt 0:00:08]} Qxc6 {[%emt 0:00:59]} 19. Rxc6 {[%emt 0:00:06]} Ra5 {[%emt 0:00:04]} 20. Bb4 {[%emt 0:04:02]} Rxa2 {[%emt 0:03:09]} 21. Bf3 {[%emt 0:00:18]} a5 {[%emt 0:03:35]} 22. Bd6 {[%emt 0:01:18]} Nd7 {[%emt 0:04:07]} 23. Rc7 {[%emt 0:00:37]} Rd8 {[%emt 0:05:12]} 24. Be7 {[%emt 0:00:08]} Re8 {[%emt 0:00:38]} 25. Rxd7 {[%emt 0:00:09]} Rb2 {[%emt 0:00:33]} 26. Bd1 {[%emt 0:00:09]} 1-0

[Event "2nd Asian Nations Team Cup U14 2019"]
[Site "Shenzhen"]
[Date "2019.12.20"]
[Round "2.6"]
[White "Foo, Jiu Yarng Clarance"]
[Black "Poormosavi, Seyed Kian"]
[Result "0-1"]
[WhiteElo "1654"]
[BlackElo "2317"]
[Annotator "TA"]
[PlyCount "86"]
[EventDate "2019.12.19"]
[EventType "team-tourn"]
[EventCountry "CHN"]
[SourceTitle "playchess.com"]
[Source "ChessBase"]
[SourceQuality "1"]

{[%evp 21,136,21,34,16,42,12,41,47,46,31,54,39,33,63,128,145,114,43,37,39,50,31,44,33,22,28,37,20,35,33,58,58,85,85,98,86,151,143,129,173,626,0,0,0,2,0,284,286,272,286,235,56,59,20,310,285,292,271,291,-106,-106,-118,-106,-578,-578,-639,-383,-383,-383,-463,-463,-407,-397,-387,-387,-383,-370,-383,-383,-448,-448,-433,-383,-422,-368,-5097,-4599,-1756,-1588,-1117,-796,-6568,-6023,-6027,-6215,-5220,-5193,-29964,-1141,-1491,-1512,-29968,-29963,-29970,-29971,-29974,-29973,-29968,-29971,-29973,-29973,-29974,-29974,-29975,-29975,-29969,-29946]} 1. d4 d5 2. c4 e6 3. Nc3 Nf6 4. Bg5 Be7 5. Nf3 O-O 6. e3 a6 7. cxd5 exd5 8. Bd3 Nbd7 9. O-O c6 10. Qc2 Re8 11. a3 Nf8 12. b4 {D61: Queen's Gambit Declined: Classical: 7 Qc2} (12. Rae1 Be6 13. Ne5 N6d7 14. Bxe7 Qxe7 15. f4 f6 16. Nf3 Bg4 17. Nh4 Qd6 18. Qf2 c5 19. Qg3 Be6 {1-0 (30) Wang,H (2696)-Kunte,A (2536) Beijing 2008}) 12... Ne4 13. Bf4 Nd6 $146 ({Predecessor:} 13... g5 14. Be5 g4 15. Nd2 Nxd2 16. Qxd2 Bd6 17. Bxd6 Qxd6 18. e4 Ng6 19. e5 Qe7 {½-½ (30) Braunberger,F-Schammo,J Bern 1979}) 14. a4 {White is slightly better.} Bg4 15. Ne5 Bh5 16. b5 axb5 17. axb5 Rxa1 (17... f6 $14) 18. Rxa1 $16 f6 {[#]} 19. bxc6 (19. Nxc6 $1 $16 {[%mdl 512]} bxc6 20. bxc6) 19... fxe5 $14 20. dxe5 bxc6 {...Nc4 is the strong threat.} 21. exd6 Bxd6 22. Bxd6 Qxd6 23. h3 Bg6 24. Bxg6 Nxg6 25. Ra6 {Hoping for Nb5!} Qc5 26. Qb3 Ne5 27. Ne2 $1 h6 28. Nd4 $1 Kh8 {[#]} (28... Qc1+ $142 29. Kh2 Qc5) 29. Qb7 $1 $16 Qc1+ 30. Kh2 Qd2 $2 (30... Rg8 31. Nxc6 Nxc6) 31. Nxc6 $2 (31. Nf5 $18 {[%csl Gf5][%cal Rb7g7]} Rg8 32. Ra8 Nf3+ {[#]} 33. Kg3 $1 {[%mdl 512]}) 31... Nf3+ $1 $11 32. Kg3 Ng5 $1 33. Ra7 {[%csl Ga7][%cal Rb7g7]} Qc3 $2 {[%mdl 8192]} (33... Rxe3+ $11 {and Black has nothing to worry.} 34. fxe3 Qxe3+ 35. Kh2 Qf4+ 36. Kh1 (36. Kg1 Qc1+ 37. Kh2 Qf4+ 38. Kh1 Qc1+ 39. Kh2 Qf4+ $11) 36... Qc1+ 37. Kh2 Qf4+ 38. Kg1 Qc1+ 39. Kh2 Qf4+) 34. Nd4 $18 {[%csl Ga7][%cal Rb7g7]} Ne4+ 35. Kh2 {[%csl Ga7][%cal Rb7g7]} Rg8 36. Qf7 $2 (36. Qxd5 $18 Nxf2 37. Nf5) 36... Qb2 $14 37. f3 Ng5 $2 {[%mdl 8192]} (37... Nd2 $1 $11 38. Qf4 Qc1) 38. Qf4 ({Not} 38. Qxd5 Qb8+ 39. f4 Qxa7 $17) 38... Nh7 39. Nf5 Rf8 40. Qg3 $2 ({White should play} 40. Rd7 $18) 40... Rxf5 $17 41. Ra8+ Nf8 {aiming for ...Rg5.} 42. e4 $2 {[%mdl 8192]} (42. Qd6 $17 Kh7 43. f4) 42... dxe4 $19 43. fxe4 Rf1 {Played: Rf5-f2} 0-1

[Event "2nd Asian Nations Team Cup U14 2019"]
[Site "Shenzhen"]
[Date "2019.12.20"]
[Round "2.7"]
[White "Ebrahimi Herab, Hamidreza"]
[Black "Lee, Ryan"]
[Result "1-0"]
[WhiteElo "2053"]
[BlackElo "1615"]
[Annotator "NA RC"]
[PlyCount "69"]
[EventDate "2019.12.19"]
[EventType "team-tourn"]
[EventCountry "CHN"]
[SourceTitle "playchess.com"]
[Source "ChessBase"]
[SourceQuality "1"]
[TimeControl "5400+30"]

1. d4 {[%emt 0:00:00]} d5 {[%emt 0:00:00]} 2. c4 {[%emt 0:00:00]} e6 {[%emt 0:00:00]} 3. Nc3 {[%emt 0:00:00]} Nf6 {[%emt 0:00:22]} 4. cxd5 {[%emt 0:00:17]} exd5 {[%emt 0:00:36]} 5. Bg5 {[%emt 0:00:08]} Be7 {[%emt 0:00:04]} 6. e3 {[%emt 0:00:09]} O-O {[%emt 0:00:34]} 7. Bd3 {[%emt 0:00:08]} h6 {[%emt 0:00:22]} 8. Bh4 {[%emt 0:00:12]} b6 {[%emt 0:00:47]} 9. Nge2 {[%emt 0:00:14]} Bb7 {[%emt 0:01:19]} 10. f3 {[%emt 0:01:01]} c5 {[%emt 0:01:17]} 11. Qc2 {[%emt 0:02:00]} Nc6 {[%emt 0:02:51]} 12. a3 {[%emt 0:02:19]} Re8 {[%emt 0:04:44]} 13. O-O {[%emt 0:02:07]} c4 {[%emt 0:04:11]} 14. Bf5 {[%emt 0:01:17]} a6 {[%emt 0:07:41]} 15. Rad1 {[%emt 0:10:50]} g5 {[%emt 0:07:14]} 16. Bf2 {[%emt 0:00:26]} b5 {[%emt 0:00:50]} 17. e4 {[%emt 0:15:00]} b4 {[%emt 0:01:20]} 18. axb4 {[%emt 0:01:14]} Nxb4 {[%emt 0:01:01]} 19. Qd2 {[%emt 0:00:45]} Bc8 {[%emt 0:09:22]} 20. Bxc8 {[%emt 0:02:38]} Rxc8 {[%emt 0:00:39]} 21. e5 {[%emt 0:00:19]} Nh5 {[%emt 0:02:04]} 22. g4 {[%emt 0:06:12]} Ng7 {[%emt 0:00:23]} 23. Be3 {[%emt 0:05:12]} f5 {[%emt 0:02:30]} 24. f4 {[%emt 0:01:06]} Rf8 {[%emt 0:08:21]} 25. Ng3 {[%emt 0:04:28]} Qd7 {[%emt 0:09:58]} 26. fxg5 {[%emt 0:02:54]} hxg5 {[%emt 0:00:49]} 27. Bxg5 {[%emt 0:04:25]} fxg4 {[%emt 0:05:36]} 28. Bf6 {[%emt 0:02:31]} Bxf6 {[%emt 0:04:44]} 29. exf6 {[%emt 0:00:18]} Ne6 {[%emt 0:01:31]} 30. Qh6 {[%emt 0:01:48]} Qf7 {[%emt 0:06:23]} 31. Rf5 {[%emt 0:01:23]} Rc7 {[%emt 0:01:18]} 32. Re1 {[%emt 0:00:57]} Nc2 {[%emt 0:09:32]} 33. Rxe6 {[%emt 0:00:27]} Qxe6 {[%emt 0:00:24]} 34. Rg5+ {[%emt 0:00:12]} Kf7 {[%emt 0:00:21]} 35. Qg6# {[%emt 0:00:06]} 1-0

[Event "2nd Asian Nations Team Cup U14 2019"]
[Site "Shenzhen"]
[Date "2019.12.20"]
[Round "2.8"]
[White "Foo, Jing Er Claire"]
[Black "Khorshidi, Mohammad Javad"]
[Result "0-1"]
[WhiteElo "1546"]
[BlackElo "2094"]
[Annotator "NA RC"]
[PlyCount "138"]
[EventDate "2019.12.19"]
[EventType "team-tourn"]
[EventCountry "CHN"]
[SourceTitle "playchess.com"]
[Source "ChessBase"]
[SourceQuality "1"]
[TimeControl "5400+30"]

1. d4 {[%emt 0:00:00]} Nf6 {[%emt 0:00:00]} 2. c4 {[%emt 0:00:00]} e6 {[%emt 0:00:17]} 3. Nf3 {[%emt 0:00:05]} b6 4. a3 {[%emt 0:00:19]} Bb7 {[%emt 0:00:39]} 5. Nc3 {[%emt 0:00:22]} d5 {[%emt 0:00:35]} 6. Bg5 {[%emt 0:00:42]} Be7 {[%emt 0:01:32]} 7. e3 {[%emt 0:00:15]} O-O {[%emt 0:00:40]} 8. cxd5 {[%emt 0:01:16]} exd5 {[%emt 0:00:20]} 9. Be2 {[%emt 0:01:25]} Nbd7 {[%emt 0:01:28]} 10. O-O {[%emt 0:00:52]} c5 {[%emt 0:02:04]} 11. Rc1 {[%emt 0:04:19]} a6 {[%emt 0:01:58]} 12. Bd3 {[%emt 0:07:53]} g6 {[%emt 0:14:00]} 13. Qe2 {[%emt 0:08:25]} c4 {[%emt 0:03:05]} 14. Bc2 {[%emt 0:02:29]} Re8 {[%emt 0:13:06]} 15. Nd2 {[%emt 0:05:56]} Nf8 {[%emt 0:05:21]} 16. f4 {[%emt 0:11:09]} Ne6 {[%emt 0:16:20]} 17. Qf3 {[%emt 0:02:37]} b5 {[%emt 0:07:59]} 18. Bxf6 {[%emt 0:08:53]} Bxf6 {[%emt 0:00:03]} 19. f5 {[%emt 0:00:28]} Ng5 {[%emt 0:00:52]} 20. Qf4 {[%emt 0:01:12]} Nh3+ {[%emt 0:19:28]} 21. gxh3 {[%emt 0:01:28]} Bg5 {[%emt 0:00:01]} 22. Qf3 {[%emt 0:07:13]} Bxe3+ {[%emt 0:00:08]} 23. Kh1 {[%emt 0:03:22]} Bxd2 {[%emt 0:00:36]} 24. fxg6 {[%emt 0:07:21]} fxg6 {[%emt 0:03:10]} 25. Qf7+ {[%emt 0:12:14]} Kh8 {[%emt 0:00:02]} 26. Rcd1 {[%emt 0:04:15]} Bxc3 {[%emt 0:00:16]} 27. bxc3 {[%emt 0:00:02]} Qe7 {[%emt 0:00:56]} 28. Qxe7 {[%emt 0:02:27]} Rxe7 {[%emt 0:00:01]} 29. Rf3 {[%emt 0:00:13]} Kg7 {[%emt 0:02:38]} 30. Rdf1 {[%emt 0:00:13]} Bc8 {[%emt 0:01:25]} 31. h4 {[%emt 0:02:32]} Raa7 {[%emt 0:01:10]} 32. Kg1 {[%emt 0:02:20]} Rf7 {[%emt 0:01:45]} 33. Rxf7+ {[%emt 0:01:28]} Rxf7 {[%emt 0:00:01]} 34. Rxf7+ {[%emt 0:00:14]} Kxf7 {[%emt 0:00:08]} 35. h5 {[%emt 0:00:52]} Bf5 {[%emt 0:00:50]} 36. hxg6+ {[%emt 0:00:34]} Kxg6 {[%emt 0:00:16]} 37. Bd1 {[%emt 0:00:03]} Kg5 {[%emt 0:00:51]} 38. Kf2 {[%emt 0:00:15]} Kf4 {[%emt 0:00:21]} 39. Bf3 {[%emt 0:00:18]} Be4 {[%emt 0:00:17]} 40. Bd1 {[%emt 0:00:57]} a5 {[%emt 0:00:29]} 41. h3 {[%emt 0:01:52]} Bb1 {[%emt 0:01:52]} 42. h4 {[%emt 0:00:54]} Ke4 {[%emt 0:01:32]} 43. Ke2 {[%emt 0:00:12]} b4 {[%emt 0:00:55]} 44. axb4 {[%emt 0:01:04]} axb4 {[%emt 0:00:02]} 45. Kd2 {[%emt 0:00:28]} Bd3 {[%emt 0:02:06]} 46. Bh5 {[%emt 0:00:29]} Bf1 {[%emt 0:00:38]} 47. Bf7 {[%emt 0:00:29]} Bh3 {[%emt 0:00:15]} 48. Bg8 {[%emt 0:00:20]} Bf5 {[%emt 0:00:12]} 49. h5 {[%emt 0:00:29]} h6 {[%emt 0:00:26]} 50. Bf7 {[%emt 0:00:12]} b3 {[%emt 0:00:45]} 51. Kc1 {[%emt 0:00:24]} Bg4 {[%emt 0:00:21]} 52. Kb2 {[%emt 0:00:37]} Bf3 {[%emt 0:00:31]} 53. Be8 {[%emt 0:00:45]} Kf4 {[%emt 0:00:26]} 54. Bg6 {[%emt 0:00:20]} Kg5 {[%emt 0:00:27]} 55. Bf7 {[%emt 0:00:15]} Bxh5 {[%emt 0:00:51]} 56. Bxd5 {[%emt 0:00:06]} Be2 {[%emt 0:00:06]} 57. Bg2 {[%emt 0:01:04]} h5 {[%emt 0:00:18]} 58. Bh3 {[%emt 0:01:01]} Kf4 {[%emt 0:00:40]} 59. Be6 {[%emt 0:00:29]} h4 {[%emt 0:00:22]} 60. Bh3 {[%emt 0:00:36]} Bf3 {[%emt 0:00:22]} 61. Bf1 {[%emt 0:00:11]} Bd5 {[%emt 0:00:12]} 62. Kc1 {[%emt 0:01:01]} Kg3 {[%emt 0:00:10]} 63. Kd2 {[%emt 0:00:28]} h3 {[%emt 0:00:26]} 64. Be2 {[%emt 0:00:37]} h2 {[%emt 0:00:07]} 65. Ke1 {[%emt 0:00:25]} h1=Q+ {[%emt 0:00:08]} 66. Kd2 {[%emt 0:00:06]} Kf2 {[%emt 0:00:05]} 67. Bd1 {[%emt 0:00:35]} Qe1+ {[%emt 0:00:08]} 68. Kc1 {[%emt 0:00:06]} Qxc3+ {[%emt 0:00:05]} 69. Kb1 {[%emt 0:00:07]} Be4+ {[%emt 0:00:04]} 0-1